[Event "Tal mem"]
[Site "Riga"]
[Date "1995.??.??"]
[Round "1"]
[White "Ivanchuk, Vassily"]
[Black "Vaganian, Rafael A"]
[Result "1/2-1/2"]
[WhiteElo "2700"]
[BlackElo "2640"]

1.e4 e6 2.d4 d5 3.Nc3 Bb4 4.e5 b6 5.h4 Qd7 6.h5 Ba6 7.Bxa6 Nxa6 8.Ne2 Bf8
9.a4 Nh6 10.Bxh6 gxh6 11.f4 c5  1/2-1/2

[Event "Tal mem"]
[Site "Riga"]
[Date "1995.??.??"]
[Round "1"]
[White "Timman, Jan H"]
[Black "Gulko, Boris F"]
[Result "1/2-1/2"]
[WhiteElo "2635"]
[BlackElo "2595"]

1.c4 c5 2.Nf3 Nc6 3.Nc3 Nf6 4.d4 cxd4 5.Nxd4 e6 6.g3 Qb6 7.Nb3 Ne5 8.e4 Bb4
9.Qe2 d6 10.Bd2 O-O 11.Rc1 a5 12.f4 Nc6 13.Be3 Qc7 14.Nd2 b6 15.Bg2 Ba6 16.Nb5 Qd7
17.O-O Rab8 18.Rfd1 e5 19.Nf3 Qe7 20.Nh4 g6 21.fxe5 Nxe5 22.Bg5 Bc5+ 23.Kh1 Bxb5
24.cxb5 Qe6 25.Rf1 Qg4 26.Qxg4 Nfxg4 27.Rc2 f6  1/2-1/2

[Event "Tal mem"]
[Site "Riga"]
[Date "1995.??.??"]
[Round "1"]
[White "Jussupow, Artur"]
[Black "Ehlvest, Jaan"]
[Result "1/2-1/2"]
[WhiteElo "2660"]
[BlackElo "2615"]

1.d4 Nf6 2.c4 e6 3.Nc3 Bb4 4.e3 O-O 5.Bd3 d5 6.Nf3 c5 7.O-O Nc6 8.a3 Bxc3
9.bxc3 Qc7 10.Bb2 dxc4 11.Bxc4 e5 12.Be2 Bg4 13.dxe5 Nxe5 14.c4 Nxf3+ 15.Bxf3 Rfd8
16.Qe2 Bxf3 17.Qxf3 Ne8 18.h4 Qe7 19.h5 h6 20.Rfd1 b6 21.Qg4 f6 22.Rd5 Nc7
23.Rf5 Rd6 24.e4 Re6 25.e5 fxe5 26.Re1 e4 27.Re3 Rf8 28.Bxg7 Rxf5 29.Bxh6+ Kh8
30.Qxf5  1/2-1/2

[Event "Tal mem"]
[Site "Riga"]
[Date "1995.??.??"]
[Round "2"]
[White "Gulko, Boris F"]
[Black "Kramnik, Vladimir"]
[Result "1/2-1/2"]
[WhiteElo "2595"]
[BlackElo "2715"]

1.c4 c5 2.Nf3 Nc6 3.Nc3 Nf6 4.g3 e6 5.Bg2 d5 6.cxd5 Nxd5 7.O-O Be7 8.d4 O-O
9.e4 Ndb4 10.d5 exd5 11.exd5 Nd4 12.Nxd4 cxd4 13.a3 dxc3 14.axb4 Bxb4 15.Qd4 Bd6
16.bxc3 b6 17.Bf4 Bb7 18.Rfe1 Bc5 19.Qd3 a5 20.Be4 g6 21.d6 Bxe4 22.Rxe4 g5
23.Be3 Qxd6 24.Qxd6 Bxd6 25.Bxb6 Ra6  1/2-1/2

[Event "Tal mem"]
[Site "Riga"]
[Date "1995.??.??"]
[Round "4"]
[White "Timman, Jan H"]
[Black "Kramnik, Vladimir"]
[Result "1/2-1/2"]
[WhiteElo "2635"]
[BlackElo "2715"]

1.e4 c5 2.Nf3 Nc6 3.Bb5 g6 4.O-O Bg7 5.Re1 Nf6 6.e5 Nd5 7.Nc3 Nc7 8.Bxc6 dxc6
9.Ne4 b6 10.Nf6+ Kf8 11.Ne4 Bg4 12.d3 Bxe5 13.Nxe5 Bxd1 14.Bh6+ Kg8 15.Nxc6 Bxc2
16.Nc3 e6 17.Nxd8 Rxd8 18.Bg5 Kg7 19.Bxd8 Rxd8 20.Rac1 Bxd3 21.Red1 e5 22.Re1 Re8
23.b3 Nb5  1/2-1/2

[Event "Tal mem"]
[Site "Riga"]
[Date "1995.??.??"]
[Round "4"]
[White "Short, Nigel D"]
[Black "Vaganian, Rafael A"]
[Result "1-0"]
[WhiteElo "2655"]
[BlackElo "2640"]

1.e4 Nf6 2.e5 Nd5 3.d4 d6 4.Nf3 dxe5 5.Nxe5 g6 6.Bc4 c6 7.O-O Bg7 8.Bb3 Nd7
9.Nf3 O-O 10.Re1 N7f6 11.h3 e6 12.c4 Ne7 13.Nc3 b6 14.Bf4 Bb7 15.Qe2 Ba6
16.Rad1 Ned5 17.Be5 Nxc3 18.bxc3 Qe7 19.Qe3 Rfd8 20.c5 Nd5 21.Bxd5 cxd5 22.Bxg7 Kxg7
23.Ne5 Rac8 24.cxb6 axb6 25.Rb1 Rd6 26.a4 f6 27.Ng4 Rdc6 28.Qh6+ Kg8 29.Re3 Rf8
30.Rbe1 Bc8 31.Rf3 e5 32.dxe5 Bxg4 33.hxg4 Re6 34.Qd2 Rxe5 35.Qxd5+ Rxd5
36.Rxe7 Rd6 37.Rh3 Ra8 38.Rhxh7 g5 39.Reg7+ Kf8 40.Rf7+ Kg8 41.Rhg7+ Kh8
42.Rg6 Rxa4 43.Rgxf6 Rd1+ 44.Kh2 Rxg4 45.Rxb6 Rh4+ 46.Kg3 Rd3+ 47.f3  1-0

[Event "Tal mem"]
[Site "Riga"]
[Date "1995.??.??"]
[Round "4"]
[White "Gulko, Boris F"]
[Black "Jussupow, Artur"]
[Result "1/2-1/2"]
[WhiteElo "2595"]
[BlackElo "2660"]

1.c4 c5 2.Nf3 Nf6 3.Nc3 e6 4.d4 d5 5.cxd5 Nxd5 6.e4 Nxc3 7.bxc3 cxd4 8.cxd4 Bb4+
9.Bd2 Bxd2+ 10.Qxd2 O-O 11.Bc4 Nc6 12.O-O b6 13.Rfe1 Bb7 14.Rad1 Na5 15.Bd3 h6
16.d5 exd5 17.e5 Nc4 18.Qe2 Qc7 19.Nd4 Rae8 20.f4 b5 21.Kh1 Qb6 22.Bf5 Nd6
23.Bd7 Re7 24.Qg4 h5 25.Qg5 Rxd7 26.exd6 Qxd6 27.Nf5 Qf6 28.Ne7+ Rxe7 29.Rxe7 Qxg5
30.fxg5 Bc8 31.Rxd5 Be6 32.Rxb5 Bxa2 33.g6 fxg6 34.h4 Rf7 35.Rxf7 Kxf7 36.Kg1 Kf6
37.Kf2 Bc4 38.Rc5 Be6 39.Ke3 a6 40.Kf4 Bd7 41.Rc7 Bb5 42.Rb7 Bf1 43.Rb6+ Kf7
44.g3 Bd3 45.Rd6 Bc2 46.Rxa6 Bd3 47.Rb6 Bc2 48.Ke5 Bd3 49.Rb7+ Kf8  1/2-1/2

[Event "Tal mem"]
[Site "Riga"]
[Date "1995.??.??"]
[Round "5"]
[White "Jussupow, Artur"]
[Black "Kasparov, Gary"]
[Result "0-1"]
[WhiteElo "2660"]
[BlackElo "2805"]

1.d4 Nf6 2.Nf3 g6 3.Bg5 Bg7 4.c3 O-O 5.Nbd2 d6 6.e4 c5 7.dxc5 dxc5 8.Be2 Nc6
9.O-O Qc7 10.Qc2 Rd8 11.Rfe1 h6 12.Bh4 Nh5 13.Nc4 Be6 14.Ne3 Nf4 15.Bf1 Ne5
16.Nxe5 Bxe5 17.Nc4 Bxc4 18.Bxc4 b5 19.Bf1 c4 20.Red1 Nh5 21.Bg3 Nxg3 22.hxg3 Qb6
23.a4 a6 24.axb5 axb5 25.Rxa8 Rxa8 26.g4 e6 27.Be2 Ra2 28.Kf1 Bb8 29.Qd2 Kg7
30.g5 h5 31.g3 Be5 32.Qd7 Ra8 33.Qe7 Ra7 34.Qe8 Bd6 35.Kg2 Be7 36.Rh1 Qb7
37.Bf3 Ra8  0-1

[Event "Tal mem"]
[Site "Riga"]
[Date "1995.??.??"]
[Round "5"]
[White "Ehlvest, Jaan"]
[Black "Short, Nigel D"]
[Result "0-1"]
[WhiteElo "2615"]
[BlackElo "2655"]

1.d4 Nf6 2.c4 e6 3.Nf3 d5 4.g3 Be7 5.Bg2 O-O 6.O-O dxc4 7.Qc2 a6 8.Nbd2 b5
9.Ng5 c6 10.b3 c3 11.Nde4 Nd5 12.Nf3 b4 13.a3 f5 14.Nc5 Bxc5 15.dxc5 a5 16.e4 fxe4
17.Qxe4 Qf6 18.axb4 Nxb4 19.Ng5 g6 20.Qh4 h5 21.g4 c2 22.Be3 Ba6 23.gxh5 Bxf1
24.Rxf1 Nd7 25.Be4 Ne5 26.hxg6 Ra7 27.Bd4 Qf4 28.Qxf4 Rxf4 29.Bxe5 Rg4+ 30.Kh1 Rxg5
31.Bd6 Rd7 32.f4 Rxc5 33.Bxc5 Rd1 34.Bxc2 Rxf1+ 35.Kg2 Rc1  0-1

[Event "Tal mem"]
[Site "Riga"]
[Date "1995.??.??"]
[Round "5"]
[White "Ivanchuk, Vassily"]
[Black "Gulko, Boris F"]
[Result "1/2-1/2"]
[WhiteElo "2700"]
[BlackElo "2595"]

1.e4 c6 2.d4 d5 3.Nd2 dxe4 4.Nxe4 Nd7 5.Ng5 Ngf6 6.Bc4 e6 7.Qe2 Nb6 8.Bb3 h6
9.N5f3 c5 10.Bf4 Nbd5 11.Be5 Qa5+ 12.Nd2 b5 13.dxc5 Bxc5 14.c3 Qb6 15.a4 bxa4
16.Bxa4+ Bd7 17.Nc4 Qd8 18.Nf3 O-O 19.O-O Qc8 20.Nd6 Bxd6 21.Bxd6 Rd8 22.Be5 a5
23.Bc2 Bc6 24.Nd4 Bb7 25.Rfe1 Nd7 26.Bg3 Nc5 27.Qb5 a4 28.Bxa4 Nxc3 29.bxc3 Nxa4
30.Rxa4 Qxc3 31.Qb4 Qxe1+ 32.Qxe1 Rxa4 33.Ne2 Rda8 34.h3 Ra1 35.Nc1 Rc8 36.Bf4 Bd5
37.Kh2 Rb1 38.Qd1 Rc4 39.Bd2 Rc8 40.Kg3 Rc6 41.Qe1 Rc2 42.Qd1 Rc8 43.Qe1  1/2-1/2

[Event "Tal mem"]
[Site "Riga"]
[Date "1995.??.??"]
[Round "6"]
[White "Gulko, Boris F"]
[Black "Vaganian, Rafael A"]
[Result "1-0"]
[WhiteElo "2595"]
[BlackElo "2640"]

1.d4 Nf6 2.c4 c5 3.d5 b5 4.Nf3 d6 5.cxb5 a6 6.e3 g6 7.Nc3 Bg7 8.a4 O-O 9.e4 axb5
10.Bxb5 Ba6 11.Bd2 Qb6 12.O-O Bxb5 13.axb5 Nbd7 14.Qe2 Rfb8 15.e5 dxe5 16.Nxe5 Nxe5
17.Qxe5 Qb7 18.Rxa8 Rxa8 19.Re1 Re8 20.d6 Qd7 21.Qxc5 Rc8 22.Qb4 exd6 23.Bf4 d5
24.b6 Re8 25.Rxe8+ Qxe8 26.Kf1 d4 27.b7  1-0

[Event "Tal mem"]
[Site "Riga"]
[Date "1995.??.??"]
[Round "7"]
[White "Ivanchuk, Vassily"]
[Black "Timman, Jan H"]
[Result "1/2-1/2"]
[WhiteElo "2700"]
[BlackElo "2635"]

1.d4 Nf6 2.c4 e6 3.Nf3 b6 4.a3 Bb7 5.Nc3 d5 6.Qc2 c5 7.cxd5 Nxd5 8.dxc5 Bxc5
9.Bg5 Qc8 10.Rc1 h6 11.Bd2 Nc6 12.e3 O-O 13.Bd3 Nf6 14.O-O Qb8 15.b4  1/2-1/2

[Event "Tal mem"]
[Site "Riga"]
[Date "1995.??.??"]
[Round "7"]
[White "Short, Nigel D"]
[Black "Kengis, Edvins"]
[Result "1/2-1/2"]
[WhiteElo "2655"]
[BlackElo "2575"]

1.e4 c5 2.Nf3 d6 3.d4 Nf6 4.Bb5+ Nbd7 5.e5 Qa5+ 6.Nc3 Ne4 7.a4 Nxc3 8.bxc3 a6
9.Bxd7+ Bxd7 10.exd6 O-O-O 11.dxe7 Bxe7 12.O-O Bf6 13.Qd3 cxd4 14.Nxd4 Qd5
15.Be3 Rhe8 16.Rfd1 Qe4 17.a5 Bc6 18.Qxe4 Bxe4 19.Re1 g5 20.f3 Bg6 21.g4 h5
22.h3 hxg4 23.hxg4 Rd5 24.Kf2 Bd8 25.Ra4  1/2-1/2

[Event "Tal mem"]
[Site "Riga"]
[Date "1995.??.??"]
[Round "7"]
[White "Ehlvest, Jaan"]
[Black "Gulko, Boris F"]
[Result "1/2-1/2"]
[WhiteElo "2615"]
[BlackElo "2595"]

1.e4 c6 2.d4 d5 3.e5 Bf5 4.Nf3 e6 5.Be2 c5 6.Be3 Nd7 7.c4 cxd4 8.Nxd4 Bxb1
9.Rxb1 Bb4+ 10.Kf1 Ne7 11.Qa4 Qa5 12.Qxa5 Bxa5 13.b4 Bc7 14.f4 dxc4 15.Bxc4 O-O
16.Bb3 Bb6 17.Ke2 Rfd8 18.Rhd1 Bxd4 19.Rxd4 Nb6 20.Rxd8+ Rxd8 21.Bxb6 axb6
22.Rd1 Rxd1 23.Kxd1 Kf8 24.Kd2 Ke8 25.a3 Kd7 26.Ba4+ Kd8 27.Bd1 Kc7 28.Bf3 b5
29.Kd3 h6 30.Kd4 Kb6 31.g4 g5 32.Be4 Nc6+ 33.Ke3 Ne7 34.Kf3 Ng6  1/2-1/2

[Event "Tal mem"]
[Site "Riga"]
[Date "1995.??.??"]
[Round "8"]
[White "Anand, Viswanathan"]
[Black "Jussupow, Artur"]
[Result "1/2-1/2"]
[WhiteElo "2715"]
[BlackElo "2660"]

1.e4 e6 2.d4 d5 3.Nd2 c5 4.exd5 exd5 5.Ngf3 Nc6 6.Bb5 Bd6 7.dxc5 Bxc5 8.O-O Ne7
9.Nb3 Bd6 10.Re1 O-O 11.Bg5 a6 12.Be2 Bf5 13.Nfd4 Bg6 14.Bd3 Qc7 15.h3 Nxd4
16.Nxd4 Nc6 17.Bxg6 hxg6 18.c3 Rfe8 19.Rxe8+ Rxe8 20.Nf3 Qb6 21.Qd2 Ne5 22.Nxe5 Rxe5
23.Be3 Bc5 24.Bxc5 Qxc5  1/2-1/2

[Event "Tal mem"]
[Site "Riga"]
[Date "1995.??.??"]
[Round "8"]
[White "Timman, Jan H"]
[Black "Vaganian, Rafael A"]
[Result "1/2-1/2"]
[WhiteElo "2635"]
[BlackElo "2640"]

1.d4 d5 2.c4 e6 3.Nc3 Be7 4.Nf3 Nf6 5.Bg5 h6 6.Bh4 O-O 7.e3 b6 8.Be2 Bb7
9.Bxf6 Bxf6 10.cxd5 exd5 11.O-O c5 12.dxc5 Bxc3 13.bxc3 bxc5 14.Rb1 Qc7 15.Ne5 Re8
16.Nd3 Nd7 17.Qa4 Re4 18.Qa3 Bc6 19.Nf4 Ra4 20.Qb3 Rb8 21.Qc2  1/2-1/2

[Event "Tal mem"]
[Site "Riga"]
[Date "1995.??.??"]
[Round "8"]
[White "Kramnik, Vladimir"]
[Black "Ivanchuk, Vassily"]
[Result "1/2-1/2"]
[WhiteElo "2715"]
[BlackElo "2700"]

1.Nf3 Nf6 2.c4 e6 3.Nc3 b6 4.g3 c5 5.Bg2 Bb7 6.O-O Be7 7.d4 cxd4 8.Qxd4 d6
9.b3 O-O 10.Rd1 Nbd7 11.e4 Re8 12.Ba3 Nc5 13.e5 dxe5 14.Qxd8 Rexd8 15.Nxe5 Bxg2
16.Kxg2 Rdc8 17.Nb5 Bf8 18.f4 Nb7 19.Bxf8 Kxf8 20.g4 Nc5 21.b4 Na4 22.Rac1 a6
23.Nd6 Rc7 24.Kf3 Ne8 25.Ndxf7 Rxf7 26.Nxf7 Kxf7 27.Rd7+ Kf8 28.Re1 a5 29.a3 axb4
30.axb4 Nb2 31.g5 Ra3+ 32.Kg4 Nxc4 33.Rxe6 Ne3+ 34.Kf3 Nd5+ 35.Ke4 Nec7 36.Rc6 Re3+
37.Kd4 Rb3 38.Rdxc7  1/2-1/2

[Event "Tal mem"]
[Site "Riga"]
[Date "1995.??.??"]
[Round "8"]
[White "Gulko, Boris F"]
[Black "Short, Nigel D"]
[Result "1/2-1/2"]
[WhiteElo "2595"]
[BlackElo "2655"]

1.c4 e5 2.Nc3 Nf6 3.Nf3 Nc6 4.g3 Bb4 5.Bg2 O-O 6.O-O d6 7.d3 h6 8.Bd2 a5
9.a3 Bc5 10.Na4 Re8 11.Nxc5 dxc5 12.Bc3 e4 13.dxe4 Qxd1 14.Rfxd1 Nxe4 15.e3 Nxc3
16.bxc3 a4 17.Rd5 b6 18.Ne5 Bb7 19.Nxc6 Bxc6 20.Rd3 Bxg2 21.Kxg2 Re4 22.Rd7 Rc8
23.Rad1 Kf8 24.R1d3 Rxc4 25.Kf3 b5 26.g4 b4 27.cxb4 cxb4 28.axb4 Rxb4 29.Rc3 c5
30.Ra7 c4 31.Ke4 Rb3 32.Rc2 a3 33.Kd4 c3 34.Kd3 Rd8+ 35.Kc4 Rb2 36.Rxc3 Rc8+
37.Kd3 Rxc3+ 38.Kxc3 Rxf2 39.Rxa3 Rxh2 40.Kd3 Rh4 41.Ra4 g6 42.Rd4 Kg7 43.Re4 h5
44.gxh5 Rxe4 45.Kxe4 gxh5 46.Kf5 f6 47.Kf4 Kf7 48.Kg3 Kg6 49.Kf4 Kg7 50.Kf3 Kf8
51.Kg2 Kg8 52.Kf2 Kf8 53.Kg2 Ke7 54.Kh3 Kf7 55.Kg3 Kg6 56.Kf4 Kh6 57.Kf5 Kh7
58.e4 Kh6 59.Kxf6 h4  1/2-1/2

[Event "Tal mem"]
[Site "Riga"]
[Date "1995.??.??"]
[Round "9"]
[White "Ehlvest, Jaan"]
[Black "Timman, Jan H"]
[Result "1-0"]
[WhiteElo "2615"]
[BlackElo "2635"]

1.e4 c6 2.c4 d5 3.exd5 Nf6 4.Nc3 cxd5 5.d4 g6 6.Qb3 Bg7 7.cxd5 O-O 8.Be2 Nbd7
9.Bf3 Nb6 10.Bf4 Bf5 11.Rd1 Qd7 12.h3 h5 13.Nge2 Rfd8 14.d6 exd6 15.O-O Rac8
16.Ng3 Rc4 17.Bg5 Rdc8 18.Be2 Be6 19.d5 Bxh3 20.Bxc4 Rxc4 21.Bxf6 Bxf6 22.Nce4 Be5
23.gxh3 Qxh3 24.f4 Bg7 25.Ng5 Qg4 26.Qf3 Bd4+ 27.Rxd4 Rxd4 28.Qe3  1-0

[Event "Tal mem"]
[Site "Riga"]
[Date "1995.??.??"]
[Round "9"]
[White "Kengis, Edvins"]
[Black "Gulko, Boris F"]
[Result "1/2-1/2"]
[WhiteElo "2575"]
[BlackElo "2595"]

1.e4 e6 2.d4 d5 3.Nd2 c5 4.Ngf3 cxd4 5.Nxd4 Nf6 6.exd5 Nxd5 7.N2f3 Be7 8.g3 O-O
9.Bg2 b5 10.O-O a6 11.Qe2 Bf6 12.Rd1 Qb6 13.a4 b4 14.a5 Qc5 15.Bg5 Ra7 16.Bxf6 Nxf6
17.Nb3 Qe7 18.Ne5 Bb7 19.Bxb7 Rxb7 20.Rd4 Rc8 21.Rad1 Nd5 22.Nc4 h6 23.Re4 Rd8
24.Ne5  1/2-1/2

[Event "Tal mem"]
[Site "Riga"]
[Date "1995.??.??"]
[Round "9"]
[White "Vaganian, Rafael A"]
[Black "Kramnik, Vladimir"]
[Result "1/2-1/2"]
[WhiteElo "2640"]
[BlackElo "2715"]

1.c4 c5 2.Nf3 Nc6 3.Nc3 Nf6 4.d4 cxd4 5.Nxd4 e6 6.g3 Qb6 7.Nb3 Ne5 8.e4 Bb4
9.Qe2 d6 10.f4 Nc6 11.Be3 Bxc3+ 12.bxc3 Qc7 13.Bg2 O-O 14.c5 dxc5 15.Bxc5 Rd8
16.e5 Na5 17.Bb4 Nxb3 18.axb3 Nd5 19.Qc4 Qxc4 20.bxc4 Ne3 21.Be4 Nxc4  1/2-1/2

[Event "Tal mem"]
[Site "Riga"]
[Date "1995.??.??"]
[Round "10"]
[White "Timman, Jan H"]
[Black "Short, Nigel D"]
[Result "0-1"]
[WhiteElo "2635"]
[BlackElo "2655"]

1.e4 e5 2.Nf3 Nc6 3.Bb5 a6 4.Bxc6 dxc6 5.O-O Qd6 6.Na3 b5 7.c3 c5 8.d4 cxd4
9.cxd4 exd4 10.Nxd4 c5 11.Nb3 Qxd1 12.Rxd1 Nf6 13.f3 Be6 14.Be3 Nd7 15.Nb1 Rc8
16.Nc3 c4 17.Nd4 Ne5 18.Nxe6 fxe6 19.Ne2 Kf7 20.Bd4 Nd3 21.Rab1 Be7 22.b3 e5
23.Be3 Rhd8 24.bxc4 Rxc4 25.Kf1 Rc2 26.a4 b4 27.a5 Nb2 28.Rxd8 Bxd8 29.Bb6 Bg5
30.g3 b3 31.f4 Nc4 32.Rxb3 Nd2+ 33.Ke1 Nxb3 34.fxg5 Rc4  0-1

[Event "Tal mem"]
[Site "Riga"]
[Date "1995.??.??"]
[Round "10"]
[White "Jussupow, Artur"]
[Black "Ivanchuk, Vassily"]
[Result "1/2-1/2"]
[WhiteElo "2660"]
[BlackElo "2700"]

1.d4 d5 2.Nf3 e6 3.c4 dxc4 4.e3 a6 5.Bxc4 c5 6.Bb3 Nf6 7.O-O Nc6 8.Qe2 cxd4
9.Rd1 d3 10.Rxd3 Qc7 11.Nc3 Bd6 12.e4 Ne5 13.Nxe5 Bxe5 14.f4 Bxf4 15.Bxf4 Qxf4
16.e5 Nd7 17.Rf1 Qxe5 18.Re3 Qd4 19.Rd1 Qa7 20.Ne4 O-O 21.Kh1 Ne5 22.Rh3 Ng6
23.Qh5 h6 24.Nf6+ gxf6 25.Qxh6 Re8 26.Rg3 Qf2 27.Rxg6+ fxg6 28.Qxg6+ Kf8
29.Qh6+ Kf7 30.Qh7+ Kf8 31.Qh8+  1/2-1/2

[Event "Tal mem"]
[Site "Riga"]
[Date "1995.??.??"]
[Round "11"]
[White "Vaganian, Rafael A"]
[Black "Jussupow, Artur"]
[Result "1/2-1/2"]
[WhiteElo "2640"]
[BlackElo "2660"]

1.c4 e6 2.g3 d5 3.Bg2 Nf6 4.Nf3 dxc4 5.Qa4+ Nbd7 6.Qxc4 a6 7.Qc2 c5 8.Nc3 Ra7
9.O-O b6 10.d4 Bb7 11.e4 cxd4 12.Nxd4 Bc5 13.Rd1 Qa8 14.Nb3 Bb4 15.a3 Bxc3
16.Qxc3 O-O 17.f3 Rc8 18.Qd4 Bc6 19.Bf4 Nc5 20.Nxc5 bxc5 21.Qc3 Nd7 22.Be3 Rb7
23.Bf1 Bb5 24.Rd6 Bxf1 25.Rxf1 Qb8 26.Bf4 e5 27.Bxe5  1/2-1/2

[Event "Tal mem"]
[Site "Riga"]
[Date "1995.??.??"]
[Round "11"]
[White "Short, Nigel D"]
[Black "Kramnik, Vladimir"]
[Result "1/2-1/2"]
[WhiteElo "2655"]
[BlackElo "2715"]

1.e4 c5 2.Nf3 Nc6 3.d4 cxd4 4.Nxd4 Nf6 5.Nc3 d6 6.Bg5 e6 7.Qd2 Be7 8.O-O-O Nxd4
9.Qxd4 O-O 10.f4 Qa5 11.e5 dxe5 12.Qxe5 Qxe5 13.fxe5 Nd5 14.Bxe7 Nxe7 15.Bd3 b6
16.Be4 Rb8 17.Rhe1 Ng6 18.Bxg6 hxg6 19.Nb5 Bb7 20.g3 a6 21.Nd6 Bd5 22.a4 b5
23.axb5 axb5 24.Rd4 Rb6 25.Rb4 Rfb8 26.h4 f6 27.b3 fxe5 28.Ne4 Rc6 29.Kb2 Rbc8
30.Re2 Kf8 31.Ng5 Rc5 32.Ne4  1/2-1/2